Persuación de masas

Guardado en:
Detalles Bibliográficos
Autor principal: León Sáez de Ybarra, José Luis (Autor)
Formato: Libro
Lenguaje:español
Publicado: Buenos Aires Deusto 1993
Materias:
Etiquetas: Agregar Etiqueta
Sin Etiquetas, Sea el primero en etiquetar este registro!

MARC

LEADER 00000nam a2200000 a 4500
001 UCY5994
003 CL-VaPUC
008 950521e19930000AG |||||||||||||||||spa|d
082 0 4 |a 302.2  |b LEO  |2 21 
100 |a León Sáez de Ybarra, José Luis  |e author  |9 335530 
245 1 0 |a Persuación de masas 
246 1 0 |a Psicología y efectos de las comunicaciones sociopolíticas y comerciales 
300 |a 277 p 
942 |c BK 
945 |d 19950521 00:00:00  |a rbrito 
260 |a Buenos Aires  |b Deusto  |c 1993 
650 7 |a COMUNICACION DE MASAS  |2 CL-VaPUC  |9 334823 
650 7 |a PSICOLOGIA DE LA COMUNICACION  |2 CL-VaPUC  |9 332059 
650 0 |a Análisis de contenido  |9 318914 
650 0 |a Medios de comunicación de masas  |9 257273 
650 0 |a Persuasión   |9 333734 
650 7 |a IMPACTO DE LA COMUNICACION  |2 CL-VaPUC  |9 334456 
650 7 |a MENSAJES  |2 CL-VaPUC  |9 335531 
650 7 |a TEORIA DE LA COMUNICACION Y LA INFORMACION  |2 CL-VaPUC  |9 334836 
583 |a last modification  |c 19950521 00:00:00  |k Rodrigo Vera 
999 |c 233588  |d 233586 
952 |0 0  |1 0  |4 0  |6 302_200000000000000_LEO_1993  |7 0  |8 A  |9 239204  |a BIBCUR  |b BIBCUR  |d 2019-11-18  |i 3086321  |l 1  |o 302.2 LEO 1993  |p 3086321  |r 2025-04-22  |s 2023-10-24  |w 2019-11-18  |y BK  |k PER